logo

Bir Sreshtho Munshi Abdur Rouf Library
Jhenaidah Cadet College

Bihar diaries : (Record no. 12844)

MARC details
000 -LEADER
fixed length control field 01101nam a2200325 a 4500
001 - CONTROL NUMBER
control field 12844
003 - CONTROL NUMBER IDENTIFIER
control field BD-JhCC
005 - DATE AND TIME OF LATEST TRANSACTION
control field 20230518092626.0
008 - FIXED-LENGTH DATA ELEMENTS--GENERAL INFORMATION
fixed length control field 230518s2018 ii 000 0aeng
010 ## - LIBRARY OF CONGRESS CONTROL NUMBER
LC control number 2018330271
020 ## - INTERNATIONAL STANDARD BOOK NUMBER
International Standard Book Number 9780143444350
035 ## - SYSTEM CONTROL NUMBER
System control number (BD-JhCC)12844
037 ## - SOURCE OF ACQUISITION
Source of stock number/acquisition Library of Congress -- New Delhi Overseas Office
040 ## - CATALOGING SOURCE
Original cataloging agency DLC
Language of cataloging eng
Description conventions rda
Transcribing agency DLC
Modifying agency DLC
-- BD-JhCC
042 ## - AUTHENTICATION CODE
Authentication code lcode
-- pcc
043 ## - GEOGRAPHIC AREA CODE
Geographic area code a-ii---
050 00 - LIBRARY OF CONGRESS CALL NUMBER
Classification number HV7094.B54
Item number L63 2018
082 ## - DEWEY DECIMAL CLASSIFICATION NUMBER
Classification number 364.92
Item number LOD 2018
100 1# - MAIN ENTRY--PERSONAL NAME
Personal name Lodha, Amit,
Relator term author.
245 10 - TITLE STATEMENT
Title Bihar diaries :
Remainder of title the true story of how Bihar's most dangerous criminal was caught /
Statement of responsibility, etc. Amit Lodha ; foreword by Twinkle Khanna.
264 #1 - PRODUCTION, PUBLICATION, DISTRIBUTION, MANUFACTURE, AND COPYRIGHT NOTICE
Place of production, publication, distribution, manufacture Gurgaon, Haryana, India :
Name of producer, publisher, distributor, manufacturer Blue Salt :
-- Penguin Books, an imprint of Penguin Random House,
Date of production, publication, distribution, manufacture, or copyright notice 2018.
300 ## - PHYSICAL DESCRIPTION
Extent xix, 280 pages ;
Dimensions 20 cm
336 ## - CONTENT TYPE
Content type term text
Content type code txt
Source rdacontent
337 ## - MEDIA TYPE
Media type term unmediated
Media type code n
Source rdamedia
338 ## - CARRIER TYPE
Carrier type term volume
Carrier type code nc
Source rdacarrier
530 ## - ADDITIONAL PHYSICAL FORM AVAILABLE NOTE
Additional physical form available note Also available as an e-book.
600 10 - SUBJECT ADDED ENTRY--PERSONAL NAME
Personal name Lodha, Amit
Form subdivision Anecdotes.
650 #0 - SUBJECT ADDED ENTRY--TOPICAL TERM
Topical term or geographic name entry element Criminals
Geographic subdivision India
-- Bihar.
942 ## - ADDED ENTRY ELEMENTS (KOHA)
Source of classification or shelving scheme Dewey Decimal Classification
Koha item type Books
Holdings
Withdrawn status Lost status Source of classification or shelving scheme Damaged status Not for loan Home library Current library Shelving location Date acquired Source of acquisition Total Checkouts Full call number Barcode Date last seen Date last checked out Copy number Price effective from Koha item type
    Dewey Decimal Classification     JCC Rouf Library JCC Rouf Library General Stacks 05/18/2023 Major General Md. Shafeenul Islam.ndc,psc 5 364.92 LOD 2018 17591 05/04/2025 04/29/2025 C-1 05/18/2023 Books

JCC Library | Contacts | JCC Home

Last Update on 23 September 2017
Copyright @ 2017-2020 JCC Rouf Library
Rouf Library, Jhenidah Cadet College (JCC), Bangladesh